ბათუმის შოთა რუსთაველის სახელმწიფო უნივერსიტეტის ბიბლიოთეკა

სამანქანათმშენებლო ნახაზების წაკითხვა და აგება : (ბიბ.ჩანაწერი № 39953)

000 -ლიდერი
ფიქსირებული სიგრძის საკონტროლო ველი 01532nam a2200241Ia 4500
001 - საკონტროლო ნომერი
საკონტროლო ველი 6559
003 - საკონტროლო ნომრის იდენტიფიკატორი
საკონტროლო ველი GE_BSU
005 - ბოლო ოპერაციის თარიღი და დრო
საკონტროლო ველი 20190610144059.0
008 - ფიქსირებული სიგრძის მონაცემთა ელემენტები - ზოგადი ინფორმაცია
ფიქსირებული სიგრძის საკონტროლო ველი 181216s1969||||ge |||||||||||||| ||GEO||
040 ## - კატალოგიზაციის წყარო
Transcribing agency GE_BSU
041 ## - ენის კოდი
Language code of text/sound track or separate title GEO
080 ## - უნივერსალური ათობითი კლასიფიკაციის ინდექსი
Universal Decimal Classification number 744:621(072) + 744.4(072) მ-20
100 ## - მთავარი ჩანაწერი - პიროვნების სახელი
Personal name მალანია, ი.
9 (RLIN) 2208
245 ## - ცნობა სათაურის შესახებ
Title სამანქანათმშენებლო ნახაზების წაკითხვა და აგება :
Remainder of title მეთოდური მითითებები,სასწავლო და საილუსტრაციო მაგალითები, სავარჯიშო ამოცანები და საკონტროლო მოცემულობები /
Statement of responsibility, etc ი.მალანია, ა. აგლაძე ; რედ. ა. გულისაშვილი
264 ## - წარმოების, გამოცემის, დისტრიბუციის და სხვა ცნობები
გამოცემის, წარმოების, დისტრიბუციის... ადგილი თბილისი :
გამოცემის, წარმოების, დისტრიბუციის... სახელწოდება სპი,
გამოცემის, წარმოების, დისტრიბუციის... თარიღი 1969.
300 ## - ფიზიკური აღწერა
Extent 140 გვ. :
Other physical details ილ. ;
Dimensions 30 სმ.
504 ## - BIBLIOGRAPHY, ETC. NOTE
Bibliography, etc ბიბლიოგრ. : გვ.139
653 ## - INDEX TERM--UNCONTROLLED
Uncontrolled term მეთოდური მითითებები,სასწავლო და საილუსტრაციო მაგალითები
653 ## - INDEX TERM--UNCONTROLLED
Uncontrolled term სამანქანათმშენებლო ნახაზების წაკითხვა და აგება
700 ## - ADDED ENTRY--PERSONAL NAME
Personal name აგლაძე, ა.
Relator term ავტორი
9 (RLIN) 2209
700 ## - ADDED ENTRY--PERSONAL NAME
Personal name გულისაშვილი, ა.
Relator term რეფდაქტორი
9 (RLIN) 1618
942 ## - ADDED ENTRY ELEMENTS (KOHA)
Koha item type წიგნი
Source of classification or shelving scheme
ეგზემპლარები
ჩამოწერის სტატუსი დაკარგული ეგზემპლარის სტატუსი კლასიფიკაციის წყარო ან თაროზე გაწყობის სქემა დაზიანების სტატუსი არ გაიცემა მუდმივი მდებარეობა (დაცვის ადგილი) ამჟამინდელი ადგილსამყოფელი თაროზე განთავსების ადგილი შეძენის თარიღი ღირებულება, შესყიდვის ნორმალური ფასი სრული შენახვის შიფრი შტრიხკოდი ბოლო ოპერაციის თარიღი ეგზემპლარის მიმდევრობითი ნომერი (კეტერი?) ფასის ძალაში შესვლის თარიღი ეგზემპლარის სახეობა საჯარო შენიშვნა
          ტექნოლოგიური ფაკულტეტის ბიბლიოთეკა ტექნოლოგიური ფაკულტეტის ბიბლიოთეკა წიგნსაცავი 2018-12-17 4.96 744:621(072) + 744.4(072) მ-20 12198 2018-12-17 12198 2018-12-17 წიგნი 4.96 ლ.
          ტექნოლოგიური ფაკულტეტის ბიბლიოთეკა ტექნოლოგიური ფაკულტეტის ბიბლიოთეკა წიგნსაცავი 2018-12-17 4.96 744:621(072) + 744.4(072) მ-20 12199 2018-12-17 12199 2018-12-17 წიგნი 4.96 ლ.
          ტექნოლოგიური ფაკულტეტის ბიბლიოთეკა ტექნოლოგიური ფაკულტეტის ბიბლიოთეკა წიგნსაცავი 2018-12-17 4.96 744:621(072) + 744.4(072) მ-20 12200 2018-12-17 12200 2018-12-17 წიგნი 4.96 ლ.